| 000 | 00428nam a2200193Ia 4500 | ||
|---|---|---|---|
| 008 | 240510s9999 xx 000 0 und d | ||
| 020 | _a0001878739255 | ||
| 041 | _aEng | ||
| 082 | _a006.6 | ||
| 082 | _bF61 | ||
| 100 | _aWEGNER,T (et-al) | ||
| 245 | 0 | _aFractals for Windows | |
| 260 | _bWaite Group | ||
| 260 | _c1992 | ||
| 300 | _a358 p. | ||
| 650 | _afractals : microsoft windows | ||
| 942 | _2ddc | ||
| 942 | _cRBK | ||
| 999 |
_c23939 _d23939 |
||
| 945 |
_a1 _bMadushi Gamage _c1 _dMadushi Gamage |
||